000 00750nam a2200205Ia 4500
001 15437
003 GE_BSU
008 181216s||||||||xx |||||||||||||| ||und||
040 _cGE_BSU
080 _a821.353.1-32+821.353.1-31
100 _aჩადუნელი,იორამ
245 _aგვიმრის ფოთლების საიდუმლოება.
245 _cრედ.ვახტანგ ხარჩილავა. მხატვ. ნინო ნარიმანიძე
260 _aთბილისი
260 _bმერანი
260 _c1990
300 _a367გვ.22სმ.
653 _aგვიმრის ფოთლების საიდუმლოება.
942 _cBK
999 _c48540
_d48540